MARC details
| 000 -LEADER |
| fixed length control field |
01023nam a2200241 a 4500 |
| 008 - FIXED-LENGTH DATA ELEMENTS--GENERAL INFORMATION |
| fixed length control field |
210326s2005 ||||||||||||||||| || u |
| 020 ## - INTERNATIONAL STANDARD BOOK NUMBER |
| International Standard Book Number |
0131139622 |
| 050 ## - LIBRARY OF CONGRESS CALL NUMBER |
| Classification number |
qa 39.3 Bar |
| 100 ## - MAIN ENTRY--PERSONAL NAME |
| Personal name |
Ziegler, Michael R |
| 245 10 - TITLE STATEMENT |
| Title |
Finite mathematics for business, economics, life sciences, and social sciences (Tenth edition) |
| Statement of responsibility, etc. |
by Raymond A. Barnett; Micheal R. Ziegler; Karl E. Byleen |
| 250 ## - EDITION STATEMENT |
| Edition statement |
Tenth edition |
| 260 ## - PUBLICATION, DISTRIBUTION, ETC. |
| Place of publication, distribution, etc. |
Upper Saddle River, New Jersey |
| Name of publisher, distributor, etc. |
Pearson/Prentice Hall |
| Date of publication, distribution, etc. |
2005 |
| 260 ## - PUBLICATION, DISTRIBUTION, ETC. |
| Place of publication, distribution, etc. |
Upper Saddle River, New Jersey |
| Name of publisher, distributor, etc. |
Pearson Education, Prentice Hall |
| Date of publication, distribution, etc. |
2005 |
| 300 ## - PHYSICAL DESCRIPTION |
| Extent |
xv, 725 pages : illustrations |
| 650 #0 - SUBJECT ADDED ENTRY--TOPICAL TERM |
| Topical term or geographic name entry element |
BUSINESS MATHEMATICS |
| 650 ## - SUBJECT ADDED ENTRY--TOPICAL TERM |
| Topical term or geographic name entry element |
BIOMATHEMATICS |
| 650 #0 - SUBJECT ADDED ENTRY--TOPICAL TERM |
| Topical term or geographic name entry element |
SOCIAL SCIENCES--MATHEMATICS |
| 650 ## - SUBJECT ADDED ENTRY--TOPICAL TERM |
| Topical term or geographic name entry element |
MATHEMATICS |
| 650 #0 - SUBJECT ADDED ENTRY--TOPICAL TERM |
| Topical term or geographic name entry element |
ECONOMICS, MATHEMATICAL |
| 700 ## - ADDED ENTRY--PERSONAL NAME |
| Personal name |
Barnett, Raymond A |
| 700 ## - ADDED ENTRY--PERSONAL NAME |
| Personal name |
Byleen, Karl E |
| 995 ## - RECOMMENDATION 995 [LOCAL, UNIMARC FRANCE] |
| -- |
39.57 |
| -- |
CBU-MAIN LIBRARY (Kitwe) |
| -- |
1 |
| -- |
AVAILABLE |
| -- |
Mar 26, 2021 |
| -- |
Main Library Open Access Collection |